Score 0/97 Timer 20:00
0 Plays Today
Episodes Character % Correct
66 EpisodesRick Grimes
98.4%
60 Episodes Carl Grimes
98.1%
60 EpisodesGlenn Rhee
98.1%
59 EpisodesDaryl Dixon
97.8%
55 EpisodesCarol Peletier
97.3%
53 EpisodesMaggie Greene
97.2%
22 EpisodesLori Grimes†
96.7%
37 EpisodesBeth Greene†
96.7%
32 EpisodesHershel Greene†
96.3%
45 EpisodesMichonne
96.1%
31 Episodes Andrea†
95.8%
3 EpisodesMeghan Chambler†
95.8%
20 EpisodesTheodore Douglas (T-Dog)†
94%
18 EpisodesShane Walsh†
93.6%
18 EpisodesPhilip ''The Governor''†
93.3%
14 EpisodesMerle Dixon†
92.7%
31 EpisodesSasha
91.6%
16 EpisodesDale Horvath†
90%
19 EpisodesEugene Porter
89.2%
19 EpisodesAbraham Ford
88.8%
20 EpisodesTara Chambler
88.1%
19 EpisodesRosita Espinosa
88%
24 EpisodesJudith Grimes
87.6%
2 EpisodesBob Lamson†
87.5%
13 EpisodesBob Stookey†
87.4%
6 EpisodesDeanna Monroe
84.9%
5 EpisodesSophia Peletier†
83.6%
7 EpisodesJessie Anderson
82.4%
8 EpisodesMorgan Jones
82.4%
4 EpisodesJim†
82.2%
8 EpisodesLizzie Samuels†
82%
8 EpisodesAaron
81.3%
10 EpisodesNoah†
80.9%
Episodes Character % Correct
5 EpisodesRon Anderson
80.8%
8 EpisodesAxel†
80.7%
13 EpisodesGabriel Stokes
80.3%
5 EpisodesMika Samuels†
79.5%
4 EpisodesAmy†
79.1%
2 EpisodesEd Peletier†
78.7%
13 EpisodesCaesar Martinez†
77.6%
6 EpisodesSam Anderson
77.5%
3 EpisodesMartin†
76.8%
11 EpisodesPatricia†
76.4%
10 EpisodesJimmy†
76.3%
10 EpisodesMilton Mamet†
76%
4 EpisodesGareth†
75%
20 EpisodesTyreese†
74.2%
5 EpisodesSpencer Monroe
74.1%
5 EpisodesJacqui†
73.9%
3 EpisodesDawn Lerner†
73.7%
4 Episodes Morales
73.6%
5 EpisodesOscar†
72.4%
2 EpisodesOtis†
71.9%
1 EpisodeDenise Cloyd
70.8%
2 Episodes Dr. Edwin Jenner†
70.7%
4 EpisodesReg Monroe†
69.8%
5 EpisodesKaren†
69.6%
2 EpisodesAiden Monroe†
69.3%
1 EpisodeDuane Jones†
69%
3 EpisodesLilly Chambler†
68.5%
6 EpisodesNicholas†
68.3%
2 EpisodesTomas†
67%
5 EpisodesEric Raleigh
66.8%
1 EpisodePete Dolgen†
65.4%
4 EpisodesEnid
64.3%
2 EpisodesHeath
63.8%
Episodes Character % Correct
3 EpisodesMary†
62.8%
5 EpisodesPete Anderson†
62.6%
6 EpisodesTobin
61.9%
5 EpisodesOlivia
61.5%
4 EpisodesRandall†
61.2%
2 EpisodesBig Tiny†
60.9%
3 EpisodesAndrew†
59.4%
10 EpisodesShumpert†
59.1%
4 EpisodesJoe†
59%
2 EpisodesPatrick†
58.2%
1 EpisodeDavid Chambler†
56.7%
1 EpisodeDave†
53.6%
5 EpisodesBen†
53.1%
6 EpisodesAllen†
52.8%
1 EpisodeTony†
51%
4 EpisodesDr Caleb Subramanian†
51%
2 EpisodesMitch Dolgen†
49.2%
3 EpisodesDr. Steven Edwards
47.8%
3 EpisodesTim†
43.1%
1 EpisodeEastman†
42.9%
1 EpisodeGuillermo
42.9%
2 EpisodesAlisha†
39.3%
3 EpisodesCrowley†
39.1%
3 EpisodesHaley†
36.4%
1 EpisodeClara†
36.3%
3 EpisodesAlpha Wolf
36.2%
2 EpisodesScott
34.6%
1 EpisodeMiguel
33.6%
1 EpisodeGorman†
32.9%
3 EpisodesShepherd
29%
2 EpisodesLicari
27.9%
Remove Ads.
Support Sporcle.
Get the best of Sporcle when you Go Orange. This ad-free experience offers more features, more stats, and more fun while also helping to support Sporcle. Thank you for becoming a member.

You're not logged in!

Compare scores with friends on all Sporcle quizzes.
OR
Log In

Sporcle TV

Today on Sporcle TV


Watch our educational content, quiz creation guides, and fun videos on Sporcle TV.

Show Comments

Extras

Top Quizzes Today


Score Distribution

Paid Content

Your Account Isn't Verified!

In order to create a playlist on Sporcle, you need to verify the email address you used during registration. Go to your Sporcle Settings to finish the process.

Report this User

Report this user for behavior that violates our Community Guidelines.

Details: